Responses for Show #7182 - Tuesday, December 1, 2015

Contestants

[<< previous game]

Frankie Lynne, a grant writer from Atlanta, Georgia

Shea Zellweger, a minister from Kansas City, Missouri

Joyce Hshieh, an actress and writer from Chicago, Illinois (whose 1-day cash winnings total $8,201)

[next game >>]

Jeopardy! Round responses

THE CALDECOTT MEDAL
WARS
ECON 101
HEY "EU"!
BREAKUP
MAKEUP
    $200 1
Cinderella

Joyce
    $200 21
the Korean War

Shea
    $200 15
antitrust laws

Shea
    $200 9
a eulogy

Shea
    $200 18
Tiger Woods

Shea
    $200 12
blush

Joyce
    $400 2
Little Red Riding Hood

Joyce
    $400 29
[The end-of-round signal sounds.]

Ramadan

Frankie
    $400 16
the gold standard

Shea
    $400 27
eureka

Joyce
    $400 23
(Alex: With less than a minute to go now.)

Gwyneth Paltrow

Joyce
    $400 10
Maybelline

Joyce
    $600 3
Where the Wild Things Are

Shea
    $600 22
(Shea: What is the Twelve Years' War?)

the Thirty Years' War

SheaFrankie
    $600 17
Chicago

Frankie
    $600 8
Eugenie

Frankie
    $600 24
Heidi Klum

Joyce
    $600 11
concealer

Shea
    $800 5
The Canterbury Tales

Triple Stumper
    $800 28
Maori

Frankie
    $800 19
steal

Shea
    $800 4
euthanasia

Joyce
    $800 25
Paul McCartney

Frankie
    $800 13
mascara

Joyce
    $1,400 6
The Polar Express

Joyce
    $1000 20
short sale

Joyce
    $1000 7
a euphonium

Joyce
    $1000 26
(Shea: Who is, uh, uh, oh...)
(Alex: Get him. Oh, darn.)

Tim Burton

SheaFrankie
    $1000 14
(Shea: What is Bare Escentuals?)
(Alex: Be more specific.)
(Shea: What is Bare Escentuals, um... Airbrush?)

bareMinerals

Shea
Triple Stumper

Scores at the first commercial break (after clue 14):

Joyce Shea Frankie
$5,200 $400 $600

Scores at the end of the Jeopardy! Round:

Joyce Shea Frankie
$7,600 $600 $4,800

Double Jeopardy! Round responses

WHAT "IA" COUNTRY
COLLECTORS
THERE'S AN ANIMAL ON THE BILLBOARD CHART
WOMEN OF MYTH
LOUD NOISES
SUTTER'S FORT
(Jimmy: Even before the discovery of gold nearby, it was a landmark of California history.)
    $400 10
(Shea: What is Romania?)
(Frankie: What is Syria?)

Bulgaria

SheaFrankie
Triple Stumper
    $400 21
cars

Shea
    $400 1
Chameleon

Shea
    $400 5
Medusa

Frankie
    $400 16
a squeal

Shea
    $3,000 11
(Joyce: Uh...)
(Alex: Say something.)
(Joyce: What is Bulgaria?)

Indonesia

Joyce
    $599 22
(Shea: Who is Bruce Springsteen?)

Eric Clapton

Shea
    $800 15
Crocodile

Shea
    $800 6
(Joyce: Uh, who is Aphro--oh, who is [*]?)
(Alex: Oh, you got her in just in time, and you're right.)

Helen of Troy

Joyce
    $800 17
pierce

Joyce
    $1200 12
(Shea: What is Latvia?)

Macedonia

JoyceShea
    $1200 23
Andrew Johnson

Joyce
    $1200 2
Fox

Shea
    $1200 7
Eurydice

Joyce
    $1200 18
a boom

Frankie
    $1200 26
tallow

Shea
    $1600 13
(Frankie: What is Peru?)

Bolivia

Frankie
Triple Stumper
    $1600 24
(Alex: With less than a minute to go now.)

(Edward) Hopper

Frankie
    $1600 3
(Shea: What is Cage the Animal?)

Elephant

JoyceShea
    $1600 8
Juno

Joyce
    $1600 19
wake the dead

Frankie
    $1600 27
[The end-of-round signal sounds.]

the Donner party

Frankie
    $2000 14
Tunisia

Triple Stumper
    $2000 25
(Joyce: Who... oh, uh... Pavarotti?)

Andrea Bocelli

Joyce
Triple Stumper
    $2000 4
(Shea: Who is Snoop Dogg?)

Pitbull

JoyceShea
    $2000 9
Cassandra

Joyce
    $2000 20
(Alex: We'll--we'll take that, yes.)

a clamor

Shea

Scores at the end of the Double Jeopardy! Round:

Joyce Shea Frankie
$15,000 $1,201 $9,200

[wagering suggestions for these scores]

Final Jeopardy! Round responses

THE MOVIES
(Alex: That's his job unless the quarterback happens to be a southpaw.)
SheaWhat is The Blind Side
$1,200
FrankieWhat is ?
$2,000
JoyceWhat is The Blind Side
$3,401
The Blind Side

Final scores:

Joyce Shea Frankie
$18,401 $2,401 $7,200
2-day champion: $26,602 3rd place: $1,000 2nd place: $2,000

Game dynamics:

Coryat scores:

Joyce Shea Frankie
$17,600 $1,800 $9,200
21 R
(including 1 DD),
2 W
(including 1 DD)
15 R,
8 W
(including 1 DD)
12 R,
2 W

Combined Coryat: $28,600

[game clues] [game scores] [suggest correction]

Game tape date: Unknown
The J! Archive is created by fans, for fans. Scraping, republication, monetization, and malicious use prohibited; this site may use cookies and collect identifying information. See terms. The Jeopardy! game show and all elements thereof, including but not limited to copyright and trademark thereto, are the property of Jeopardy Productions, Inc. and are protected under law. This website is not affiliated with, sponsored by, or operated by Jeopardy Productions, Inc. Join the discussion at JBoard.tv.